000 01105nam a2200325 i 4500
003 EG-GICUC
005 20260503083615.0
008 260430s1977 fre |||fr|||| 000 0 fre d
020 _a2275012389
040 _aEG-GiCUC
_bfre
_cEG-GiCUC
_dEG-GiCUC
_eRda
041 _afre
_hfre
082 0 4 _221
_a342.1
_bBU . T
092 0 4 _221
099 _aLaw 342.1 BU . T 1977
100 1 _a Burdeau, Georges
_eAuteur
245 1 0 _aTraité De Science Politique :
_bLa Rébellion Du Social /
_cPar Georges Burdeau,
_nTome X.
250 _aDeuxiéme édition
_b Revue et Augmentée
264 _aParis:
_bLibrairie générale de droit et de jurisprudence,
_c1977.
300 _a390 page ;
_c24 cm.
_billustration ;
336 _2rda contenu
_a texte
337 _2rda medias
_aOrdinateur
338 _2 transporteur rda
_a Ressource en ligne
504 _aComprend des références bibliographiques.
546 _aTexte en français
650 1 _aDroit constitutionnel
_2qrmak
651 1 _2qrmak
856 4 0 _uhttps://fll.law.cu.edu.eg/fulltext/bks/B08-04469.pdf
905 _a64
942 _2ddc
_cBK
_e21
_n0
999 _c74499
_d74499